| 000 | 00455nam a2200145 a 4500 | ||
|---|---|---|---|
| 001 | 000037710 | ||
| 005 | 20201002031114.0 | ||
| 008 | 121115s19uu dr 000 0 spa d | ||
| 040 |
_aDO-SdBNP _bspa _cBNPHU |
||
| 100 | 1 |
_aLeclercq, Bruno _964169 |
|
| 245 | 1 | 0 |
_aGnatóstomo : _b¿quimera de insecto y cordado? / _cBruno Leclercq. |
| 260 |
_a[Santo Domingo]. : _b[s.n.], _c[20-?]. |
||
| 300 |
_a83 p. ; _c21 cm. |
||
| 500 | _aIncluye notas al pie de las páginas | ||
| 999 |
_c37200 _d37200 |
||